[Event "Moscow op-A 14th"]
[Site "Moscow"]
[Date "2018.02.04"]
[Round "9"]
[White "Sibajeva, Marija"]
[Black "Mestnikov, Aital"]
[Result "0-1"]
[WhiteElo "1931"]
[BlackElo "2233"]
[PlyCount "50"]
[EventDate "2018.01.27"]
[EventType "swiss"]
[EventRounds "9"]
[EventCountry "RUS"]
[SourceTitle "CBM 182 Extra"]
[Source "ChessBase"]
[SourceDate "2018.02.23"]
[SourceVersion "1"]
[SourceVersionDate "2018.02.23"]
[SourceQuality "1"]

1. e4 c5 2. Nf3 d6 3. d4 cxd4 4. Qxd4 Nc6 5. Bb5 Bd7 6. Bxc6 Bxc6 7. Nc3 Nf6 8. Bg5 e6 9. Qd3 Be7 10. 0-0-0 Qa5 11. Kb1 0-0 12. Bd2 Qh5 13. Nd4 d5 14. exd5 Bxd5 15. f3 Rfd8 16. Nxd5 Qxd5 17. Bc3 Qc5 18. Qf1 Nd5 19. Qe1 Bf6 20. g3 Rac8 21. Rd3 Bxd4 22. Rxd4 Nxc3+ 23. bxc3 Rxd4 24. cxd4 Qb6+ 25. Ka1 Rxc2 0-1

[Event "Moscow op-A 13th"]
[Site "Moscow"]
[Date "2017.02.03"]
[Round "7"]
[White "Kavinda, Akila"]
[Black "Mestnikov, Aital"]
[Result "1/2-1/2"]
[WhiteElo "2091"]
[BlackElo "2241"]
[PlyCount "101"]
[EventDate "2017.01.28"]
[EventType "swiss"]
[EventRounds "9"]
[EventCountry "RUS"]
[SourceTitle "EXT 2018"]
[Source "ChessBase"]
[SourceDate "2017.10.13"]
[SourceVersion "1"]
[SourceVersionDate "2017.10.13"]
[SourceQuality "1"]

1. g3 g6 2. Bg2 Bg7 3. e4 c5 4. Nf3 Nc6 5. 0-0 d6 6. c3 Bg4 7. h3 Bxf3 8. Bxf3 e6 9. d3 Nge7 10. Na3 0-0 11. Be3 a6 12. Qd2 Rc8 13. Rad1 b5 14. Nc2 Qa5 15. a3 Rfd8 16. Be2 Qc7 17. Rc1 Na5 18. Qe1 d5 19. Bf4 e5 20. Be3 Nb3 21. Rd1 d4 22. Bg5 f6 23. Bd2 Rd6 24. cxd4 cxd4 25. Na1 Nxd2 26. Rxd2 Rc6 27. Bd1 Bh6 28. Bb3+ Kg7 29. Rc2 a5 30. Rxc6 Nxc6 31. Be6 Re8 32. Bd5 Ne7 33. Be6 Rb8 34. Ba2 b4 35. a4 Qd7 36. Qd1 Qxh3 37. Qb3 Rf8 38. Qc4 Qd7 39. Nb3 Kh8 40. Nc5 Qc6 41. Ne6 Rc8 42. Qxc6 Rxc6 43. Bc4 f5 44. exf5 gxf5 45. Nd8 Rc5 46. Kg2 Nc8 47. Rh1 Bd2 48. Rd1 Bh6 49. Rh1 Bd2 50. Rd1 Bh6 51. Rh1 1/2-1/2

[Event "Moscow op-A 13th"]
[Site "Moscow"]
[Date "2017.01.31"]
[Round "4"]
[White "Bryakin, Mikhail"]
[Black "Mestnikov, Aital"]
[Result "1/2-1/2"]
[WhiteElo "2333"]
[BlackElo "2241"]
[PlyCount "97"]
[EventDate "2017.01.28"]
[EventType "swiss"]
[EventRounds "9"]
[EventCountry "RUS"]
[SourceTitle "EXT 2018"]
[Source "ChessBase"]
[SourceDate "2017.10.13"]
[SourceVersion "1"]
[SourceVersionDate "2017.10.13"]
[SourceQuality "1"]

1. d4 d5 2. Nf3 Nf6 3. g3 e6 4. Bg2 Nbd7 5. 0-0 Bd6 6. Nbd2 0-0 7. c4 c6 8. b3 b6 9. Bb2 Qc7 10. Rc1 Bb7 11. Re1 Rad8 12. Qc2 Rfe8 13. e4 dxe4 14. Nxe4 Nxe4 15. Rxe4 c5 16. Rh4 Nf8 17. dxc5 Qxc5 18. Rg4 Ng6 19. h4 f5 20. Qc3 Rd7 21. Rg5 Bxf3 22. Qxf3 Be5 23. Qc6 Rdd8 24. Qxc5 bxc5 25. Ba3 Bd4 26. g4 Nxh4 27. Bc6 Rf8 28. gxf5 Nxf5 29. Rc2 h6 30. Rg4 Rf6 31. b4 Ne7 32. Be4 Rdf8 33. Rg2 Rf4 34. Re2 cxb4 35. Bxb4 Kf7 36. Bd6 e5 37. Bxe7 Kxe7 38. Rxg7+ Kd6 39. Rg2 h5 40. Bd5 h4 41. Rh2 Kc5 42. Kf1 Rg4 43. Rg2 Rxg2 44. Kxg2 h3+ 45. Kxh3 Rxf2 46. Rxf2 Bxf2 47. Kg2 Bd4 48. Kf3 Kb4 49. c5 1/2-1/2

[Event "Moscow op-A 13th"]
[Site "Moscow"]
[Date "2017.01.28"]
[Round "1"]
[White "Mestnikov, Aital"]
[Black "Makhmutov, Rail"]
[Result "0-1"]
[WhiteElo "2241"]
[BlackElo "2437"]
[PlyCount "94"]
[EventDate "2017.01.28"]
[EventType "swiss"]
[EventRounds "9"]
[EventCountry "RUS"]
[SourceTitle "EXT 2018"]
[Source "ChessBase"]
[SourceDate "2017.10.13"]
[SourceVersion "1"]
[SourceVersionDate "2017.10.13"]
[SourceQuality "1"]

1. e4 e5 2. Nf3 Nc6 3. Bb5 a6 4. Ba4 Nf6 5. 0-0 Be7 6. Re1 b5 7. Bb3 d6 8. c3 0-0 9. h3 Nb8 10. d3 Nbd7 11. Nbd2 Bb7 12. Nf1 Nc5 13. Bc2 Re8 14. Ng3 Bf8 15. b4 Ncd7 16. d4 a5 17. bxa5 Rxa5 18. Bd2 Ra3 19. Qb1 c6 20. c4 exd4 21. Nxd4 Qb6 22. Qb2 b4 23. Rad1 d5 24. exd5 Rxe1+ 25. Rxe1 cxd5 26. cxd5 Bxd5 27. Bb3 Bxb3 28. axb3 g6 29. Be3 Nd5 30. Nc2 Nxe3 31. Nxe3 Qf6 32. Qd2 Qc3 33. Ne4 Qxd2 34. Nxd2 Nc5 35. Nec4 Ra2 36. Re8 Rc2 37. Rc8 Rc3 38. Nb6 Rd3 39. Ndc4 Nxb3 40. Ne5 Rd1+ 41. Kh2 Nc5 42. Nbc4 b3 43. Rc7 Rb1 44. Rc6 Rc1 45. Rb6 Rc3 46. f4 Bh6 47. Rf6 Ne4 0-1

[Event "World School-ch U15"]
[Site "Sochi"]
[Date "2016.12.08"]
[Round "5"]
[White "Sahin, Doga Boran"]
[Black "Mestnikov, Aital"]
[Result "0-1"]
[WhiteElo "2185"]
[BlackElo "2114"]
[PlyCount "48"]
[EventDate "2016.12.03"]
[EventType "swiss"]
[EventRounds "9"]
[EventCountry "RUS"]
[SourceTitle "EXT 2018"]
[Source "ChessBase"]
[SourceDate "2017.10.13"]
[SourceVersion "1"]
[SourceVersionDate "2017.10.13"]
[SourceQuality "1"]

1. e4 c6 2. c4 d5 3. exd5 cxd5 4. cxd5 Nf6 5. Nc3 a6 6. d4 Nxd5 7. Nf3 Nc6 8. Be2 e6 9. 0-0 Be7 10. a3 0-0 11. Bd3 Bf6 12. Ne4 Bxd4 13. Nxd4 Nxd4 14. Bxa6 e5 15. Bc4 Bf5 16. Bd3 Qb6 17. Nc3 Ne7 18. Bxf5 Nexf5 19. b4 Rfd8 20. Bb2 Qg6 21. Rb1 Nh4 22. g3 Ndf3+ 23. Kh1 Rxd1 24. Rbxd1 Qg4 0-1

[Event "World School-ch U15"]
[Site "Sochi"]
[Date "2016.12.05"]
[Round "3"]
[White "Mestnikov, Aital"]
[Black "Golikov, Daniil"]
[Result "1-0"]
[WhiteElo "2114"]
[BlackElo "2180"]
[PlyCount "81"]
[EventDate "2016.12.03"]
[EventType "swiss"]
[EventRounds "9"]
[EventCountry "RUS"]
[SourceTitle "EXT 2018"]
[Source "ChessBase"]
[SourceDate "2017.10.13"]
[SourceVersion "1"]
[SourceVersionDate "2017.10.13"]
[SourceQuality "1"]

1. e4 e6 2. d4 d5 3. Nd2 c5 4. Ngf3 Nc6 5. exd5 exd5 6. Bb5 Bd6 7. dxc5 Bxc5 8. 0-0 Nge7 9. Nb3 Bd6 10. Bg5 f6 11. Be3 Bg4 12. c4 a6 13. Bxc6+ bxc6 14. h3 Bd7 15. Nc5 0-0 16. Rc1 Re8 17. Qa4 Bxc5 18. Bxc5 Ng6 19. cxd5 cxd5 20. Qd4 Bb5 21. Rfe1 Qd7 22. b3 Qf5 23. Bd6 Be2 24. Qa4 Bb5 25. Qb4 Ne5 26. Nxe5 fxe5 27. Rc7 Rad8 28. Qc5 e4 29. a4 Bd3 30. Re3 Rc8 31. Qc6 Qe6 32. Rg3 Rxc7 33. Qxc7 Qf7 34. Qc6 d4 35. Qc5 e3 36. fxe3 dxe3 37. Rxe3 Bf5 38. Rxe8+ Qxe8 39. Qxf5 Qe3+ 40. Kh2 h6 41. b4 1-0

[Event "St Petersburg Summer op"]
[Site "St Petersburg"]
[Date "2016.08.23"]
[Round "7"]
[White "Mestnikov, Aital"]
[Black "Averyanov, Grigori"]
[Result "0-1"]
[WhiteElo "2040"]
[BlackElo "1821"]
[PlyCount "64"]
[EventDate "2016.08.17"]
[EventType "swiss"]
[EventRounds "9"]
[EventCountry "RUS"]
[SourceTitle "CBM 174 Extra"]
[Source "ChessBase"]
[SourceDate "2016.10.10"]
[SourceVersion "1"]
[SourceVersionDate "2016.10.10"]
[SourceQuality "1"]

1. e4 d6 2. d4 Nf6 3. Nc3 g6 4. f4 Bg7 5. Nf3 0-0 6. Bd3 Nc6 7. e5 dxe5 8. fxe5 Nh5 9. Be3 Bg4 10. Be2 f6 11. e6 f5 12. d5 Nb4 13. h3 Ng3 14. Rg1 Nxe2 15. Qxe2 Bxf3 16. gxf3 Qd6 17. Nb5 Qe5 18. Kf2 Nxd5 19. Bg5 c6 20. Qxe5 Bxe5 21. Rad1 Bf6 22. Bxf6 Rxf6 23. Nd4 Nf4 24. Rge1 Nxh3+ 25. Kg3 Ng5 26. Kf4 h6 27. Re5 Rd8 28. Rd3 Rd6 29. Kg3 Kh7 30. a4 b6 31. b3 a5 32. c4 c5 0-1

[Event "St Petersburg Summer op"]
[Site "St Petersburg"]
[Date "2016.08.18"]
[Round "2"]
[White "Puraev, Artemiy"]
[Black "Mestnikov, Aital"]
[Result "1-0"]
[WhiteElo "2179"]
[BlackElo "2040"]
[PlyCount "67"]
[EventDate "2016.08.17"]
[EventType "swiss"]
[EventRounds "9"]
[EventCountry "RUS"]
[SourceTitle "CBM 174 Extra"]
[Source "ChessBase"]
[SourceDate "2016.10.10"]
[SourceVersion "1"]
[SourceVersionDate "2016.10.10"]
[SourceQuality "1"]

1. Nf3 Nf6 2. g3 g6 3. b3 Bg7 4. Bb2 0-0 5. c4 c6 6. Bg2 d5 7. 0-0 Nbd7 8. d3 Re8 9. Nbd2 e5 10. cxd5 Nxd5 11. Qc2 Qe7 12. a3 N7b6 13. Nc4 Nxc4 14. bxc4 Nc7 15. Nd2 Ne6 16. e3 Qc7 17. Nb3 c5 18. Rac1 Bd7 19. f4 exf4 20. Bxg7 Nxg7 21. Rxf4 Bc6 22. Bd5 Bxd5 23. cxd5 Rad8 24. Rcf1 Nf5 25. Qf2 Nxe3 26. Rxf7 Qb6 27. Qb2 Nf5 28. R1xf5 Re1+ 29. Kg2 Re2+ 30. Qxe2 gxf5 31. Qe7 Qh6 32. Rg7+ Qxg7 33. Qxd8+ Kf7 34. Qd7+ 1-0

[Event "RUS-chT2"]
[Site "Sochi"]
[Date "2016.05.09"]
[Round "8.11"]
[White "Mestnikov, Aital"]
[Black "Parfenov, Viktor N"]
[Result "0-1"]
[WhiteElo "2188"]
[BlackElo "2167"]
[PlyCount "88"]
[EventDate "2016.05.01"]
[EventType "team-swiss"]
[EventRounds "9"]
[EventCountry "RUS"]
[SourceTitle "EXT 2018"]
[Source "ChessBase"]
[SourceDate "2017.10.13"]
[SourceVersion "1"]
[SourceVersionDate "2017.10.13"]
[SourceQuality "1"]
[WhiteTeam "Sakha Republic Yakutia"]
[BlackTeam "Desnogorsk Atom"]
[WhiteTeamCountry "RUS"]
[BlackTeamCountry "RUS"]

1. e4 e6 2. d4 d5 3. Nc3 Nf6 4. Bg5 Be7 5. e5 Nfd7 6. h4 c5 7. Nb5 Nc6 8. Nd6+ Kf8 9. Bxe7+ Kxe7 10. Qh5 Qa5+ 11. c3 cxd4 12. Qxf7+ Kd8 13. Qxg7 Rf8 14. Qg5+ Kc7 15. b4 Qb6 16. Nf3 dxc3 17. Be2 a6 18. 0-0 Ncxe5 19. Nxe5 Qxd6 20. Nd3 a5 21. b5 e5 22. Rac1 d4 23. Bf3 Qg6 24. Qxg6 hxg6 25. Rfe1 Kd6 26. a4 Ra7 27. Be4 Rf6 28. g4 Nc5 29. Nxc5 Kxc5 30. g5 Re6 31. Re2 b6 32. Rce1 Rae7 33. h5 gxh5 34. Bf5 Rg7 35. f4 Kc4 36. Bxe6+ Bxe6 37. Rxe5 Bd5 38. Kf2 h4 39. Re7 Rxe7 40. Rxe7 c2 41. g6 h3 42. Kg3 d3 43. Rd7 d2 44. Rxd5 d1Q 0-1

[Event "RUS-chT2"]
[Site "Sochi"]
[Date "2016.05.01"]
[Round "1.9"]
[White "Ulko, Jaroslav"]
[Black "Mestnikov, Aital"]
[Result "1-0"]
[WhiteElo "2441"]
[BlackElo "2188"]
[PlyCount "85"]
[EventDate "2016.05.01"]
[EventType "team-swiss"]
[EventRounds "9"]
[EventCountry "RUS"]
[SourceTitle "EXT 2018"]
[Source "ChessBase"]
[SourceDate "2017.10.13"]
[SourceVersion "1"]
[SourceVersionDate "2017.10.13"]
[SourceQuality "1"]
[WhiteTeam "Moscow Automation"]
[BlackTeam "Sakha Republic Yakutia"]
[WhiteTeamCountry "RUS"]
[BlackTeamCountry "RUS"]

1. d4 Nf6 2. Nf3 g6 3. c4 Bg7 4. Nc3 d5 5. cxd5 Nxd5 6. e4 Nxc3 7. bxc3 c5 8. Rb1 0-0 9. Be3 Qa5 10. Qd2 b6 11. Rb5 Qa4 12. Rb3 Bg4 13. h3 Bxf3 14. gxf3 Rd8 15. d5 e6 16. Bb5 Qa5 17. c4 Qxd2+ 18. Kxd2 a6 19. Ra3 Ra7 20. Rb1 Be5 21. Kc2 Bc7 22. Bg5 Rc8 23. f4 Bd8 24. Ba4 Bxg5 25. fxg5 b5 26. Bxb5 exd5 27. exd5 Re7 28. Ba4 a5 29. Re3 Rxe3 30. fxe3 h6 31. h4 hxg5 32. hxg5 Kg7 33. Rb6 Rh8 34. Kd3 Rd8 35. a3 Nd7 36. Bxd7 Rxd7 37. Rc6 Rb7 38. Rxc5 a4 39. d6 Rb3+ 40. Ke4 f5+ 41. Kd4 Rxa3 42. Rc7+ Kf8 43. Rc8+ 1-0

[Event "RUS-chT U20"]
[Site "Kaliningrad"]
[Date "2013.08.08"]
[Round "7"]
[White "Mestnikov, Aital"]
[Black "Filipchik, Alexey"]
[Result "1/2-1/2"]
[WhiteElo "1813"]
[BlackElo "1982"]
[PlyCount "72"]
[EventDate "2013.08.02"]
[EventType "team-swiss"]
[EventRounds "9"]
[EventCountry "RUS"]
[SourceTitle "EXT 2018"]
[Source "ChessBase"]
[SourceDate "2017.10.13"]
[SourceVersion "1"]
[SourceVersionDate "2017.10.13"]
[SourceQuality "1"]

1. e4 e5 2. Nf3 Nc6 3. Bb5 Nge7 4. Nc3 g6 5. d3 Bg7 6. Bg5 h6 7. Be3 0-0 8. Qd2 Kh7 9. 0-0-0 d6 10. d4 Bg4 11. d5 Nb8 12. Be2 f5 13. exf5 Nxf5 14. Ng5+ hxg5 15. Bxg4 Nxe3 16. Qxe3 Nd7 17. Ne4 Bh6 18. Kb1 Nf6 19. Nxf6+ Qxf6 20. f3 a5 21. g3 c5 22. a4 Ra6 23. Qe4 Rb6 24. c3 Ra6 25. Ka2 Raa8 26. Rde1 Rab8 27. Qc4 Rf7 28. h4 gxh4 29. Rxh4 Kg7 30. Reh1 Rh8 31. Be6 Rff8 32. Qb5 Qe7 33. Qd3 Qf6 34. Qb5 Qe7 35. Qd3 Qf6 36. Qb5 Qe7 1/2-1/2

[Event "RUS-chT U20"]
[Site "Kaliningrad"]
[Date "2013.08.07"]
[Round "6"]
[White "Mestnikov, Aital"]
[Black "Ivanov, Alexey3333"]
[Result "1-0"]
[WhiteElo "1813"]
[BlackElo "1800"]
[PlyCount "75"]
[EventDate "2013.08.02"]
[EventType "team-swiss"]
[EventRounds "9"]
[EventCountry "RUS"]
[SourceTitle "EXT 2018"]
[Source "ChessBase"]
[SourceDate "2017.10.13"]
[SourceVersion "1"]
[SourceVersionDate "2017.10.13"]
[SourceQuality "1"]

1. e4 Nc6 2. d4 d6 3. Nc3 g6 4. f4 Bg7 5. Nf3 Bg4 6. d5 Nb8 7. h3 Bxf3 8. Qxf3 c6 9. Bd2 Nf6 10. g4 cxd5 11. exd5 a6 12. h4 h5 13. g5 Nfd7 14. 0-0-0 b5 15. Re1 0-0 16. f5 Ne5 17. Qf4 Nbd7 18. Ne4 Rc8 19. Bc3 Qc7 20. f6 exf6 21. gxf6 Bxf6 22. Nxf6+ Nxf6 23. Qxf6 b4 24. Rh3 bxc3 25. Rxc3 Qa5 26. Qxd6 Rxc3 27. bxc3 Ng4 28. Qc6 Qxa2 29. Bc4 Qa3+ 30. Kd2 Qa5 31. Re7 Qd8 32. d6 Nh6 33. d7 Qxe7 34. Qxg6+ Kh8 35. Qxh6+ Kg8 36. Bd3 f5 37. Bc4+ Rf7 38. Qg6+ 1-0

[Event "RUS-chT U20"]
[Site "Kaliningrad"]
[Date "2013.08.02"]
[Round "1"]
[White "Palchun, Grigory"]
[Black "Mestnikov, Aital"]
[Result "1-0"]
[WhiteElo "2226"]
[BlackElo "1813"]
[PlyCount "69"]
[EventDate "2013.08.02"]
[EventType "team-swiss"]
[EventRounds "9"]
[EventCountry "RUS"]
[SourceTitle "EXT 2018"]
[Source "ChessBase"]
[SourceDate "2017.10.13"]
[SourceVersion "1"]
[SourceVersionDate "2017.10.13"]
[SourceQuality "1"]

1. d4 Nf6 2. Nf3 d5 3. Bf4 c6 4. e3 Nbd7 5. c4 e6 6. Nc3 Be7 7. h3 0-0 8. Be2 dxc4 9. a4 Nd5 10. Bxc4 Nxf4 11. exf4 Qc7 12. Ne5 c5 13. 0-0 Rd8 14. Nxf7 Kxf7 15. Bxe6+ Kxe6 16. Re1+ Kf7 17. Rxe7+ Kxe7 18. Nd5+ Kd6 19. Nxc7 Kxc7 20. dxc5 Nf6 21. Qe2 Rd5 22. Rc1 a5 23. Qe7+ Bd7 24. Qxg7 Nh5 25. Qh6 Rg8 26. Qb6+ Kc8 27. c6 Rd1+ 28. Rxd1 Bxc6 29. g3 Nxf4 30. Qxa5 Nxh3+ 31. Kh2 Nxf2 32. Qf5+ Kb8 33. Qxf2 Rg6 34. Qf4+ Ka7 35. a5 1-0

[Event "Yakutsk op"]
[Site "Yakutsk"]
[Date "2012.12.18"]
[Round "1"]
[White "Mischuk, Dmitry"]
[Black "Mestnikov, Aital"]
[Result "1-0"]
[WhiteElo "2044"]
[BlackElo "1707"]
[PlyCount "57"]
[EventDate "2012.12.17"]
[EventType "swiss"]
[EventRounds "9"]
[EventCountry "RUS"]
[SourceTitle "CBM 152 Extra"]
[Source "ChessBase"]
[SourceDate "2013.02.25"]
[SourceVersion "1"]
[SourceVersionDate "2013.02.25"]
[SourceQuality "1"]

1. d4 Nf6 2. c4 g6 3. Nc3 d5 4. cxd5 Nxd5 5. e4 Nxc3 6. bxc3 Bg7 7. Nf3 c5 8. Rb1 0-0 9. Be2 Nc6 10. d5 Ne5 11. Nxe5 Bxe5 12. Qd2 Qa5 13. Rb3 Bd7 14. f4 Bg7 15. c4 Qa6 16. e5 b6 17. 0-0 Qc8 18. Bb2 Rd8 19. Re3 Bf5 20. e6 f6 21. Qc3 h5 22. h3 h4 23. Qe1 Bc2 24. Qxh4 Ba4 25. Rg3 Be8 26. f5 g5 27. Rxg5 Kf8 28. Rxg7 Kxg7 29. Rf4 1-0

[Event "Yakutsk op"]
[Site "Yakutsk"]
[Date "2012.12.18"]
[Round "3"]
[White "Okhotin, Evgeny"]
[Black "Mestnikov, Aital"]
[Result "1/2-1/2"]
[WhiteElo "2218"]
[BlackElo "1707"]
[PlyCount "56"]
[EventDate "2012.12.17"]
[EventType "swiss"]
[EventRounds "9"]
[EventCountry "RUS"]
[SourceTitle "CBM 152 Extra"]
[Source "ChessBase"]
[SourceDate "2013.02.25"]
[SourceVersion "1"]
[SourceVersionDate "2013.02.25"]
[SourceQuality "1"]

1. e4 c6 2. d4 d5 3. Nc3 dxe4 4. Nxe4 Bf5 5. Ng3 Bg6 6. h4 h6 7. Nh3 Nd7 8. Nf4 Bh7 9. Bc4 Ngf6 10. c3 e6 11. Nfh5 Nxh5 12. Nxh5 Nf6 13. Bf4 Bg6 14. Nxf6+ Qxf6 15. Qf3 Qf5 16. 0-0 Be7 17. g4 Qe4 18. Qxe4 Bxe4 19. f3 Bd5 20. Bd3 c5 21. Bb5+ Kf8 22. c4 Bc6 23. Bxc6 bxc6 24. dxc5 Bxc5+ 25. Kg2 Ke7 26. Rfd1 Rhd8 27. Bc7 Rxd1 28. Rxd1 f6 1/2-1/2

[Event "EU-ch U12"]
[Site "Prague"]
[Date "2012.08.23"]
[Round "7"]
[White "Mestnikov, Aital"]
[Black "Kazantsev, Nikita"]
[Result "0-1"]
[WhiteElo "1719"]
[BlackElo "1837"]
[PlyCount "112"]
[EventDate "2012.08.17"]
[EventType "swiss"]
[EventRounds "9"]
[EventCountry "CZE"]
[SourceTitle "CBM 150 Extra"]
[Source "ChessBase"]
[SourceDate "2012.10.19"]
[SourceVersion "1"]
[SourceVersionDate "2012.10.19"]
[SourceQuality "1"]

1. e4 e5 2. Nf3 Nc6 3. Bc4 Bc5 4. c3 Nf6 5. d4 exd4 6. e5 d5 7. Bb5 Ne4 8. cxd4 Bb4+ 9. Bd2 Nxd2 10. Nbxd2 0-0 11. Bxc6 bxc6 12. 0-0 c5 13. Rc1 c4 14. Qa4 Rb8 15. Qc2 g6 16. a3 Bf5 17. Qd1 Be7 18. b4 a5 19. e6 f6 20. Nh4 Bd3 21. Re1 axb4 22. axb4 Bxb4 23. Re3 Ba3 24. Ra1 Bb2 25. e7 Qd7 26. exf8Q+ Rxf8 27. Ra4 Qc6 28. Nb1 Bxb1 29. Qxb1 Qxa4 30. Nxg6 Rd8 31. Ne7+ Kf8 32. Re1 Qa1 33. Qxa1 Bxa1 34. Nf5 Bc3 35. Re7 Re8 36. Rxe8+ Kxe8 37. Kf1 Kd7 38. Ke2 Ke6 39. g4 Bb4 40. Kd1 c5 41. f4 h5 42. h3 hxg4 43. hxg4 cxd4 44. Nxd4+ Kf7 45. f5 Bc3 46. Nf3 Ke7 47. Kc2 Bb4 48. Nd4 Bc5 49. Nf3 Be3 50. Kc3 Kd6 51. Kb4 Bf4 52. Kc3 Kc5 53. Ng1 d4+ 54. Kc2 Kb4 55. Nh3 d3+ 56. Kd1 Be3 0-1